00969nam a2200229 u 450000100100000000500170001000800410002704000250006808200190009310000360011224501160014826000570026430000280032150000340034950000370038365000180042065000360043804900090047495201170048395201220060099900170072200002276620200930021802.0101117s2002 pr a r 000 | spa d aDO-SdBNPbspacBNPHU a796.334bA473f1 aÁlvarez, Luis Reinaldo94677513aEl fútbol nos cayó del cielo... :bmemorias del fútbol humacaeño, 1956-2000 /cLuis Reinaldo Álvarez. aHumacao :bPabellón de la Fama del Deporte,c2002. a280 p. :bil. ;c22 cm. aIncluye índice onomástico aIncluye bibliografía selectiva 4aFutbol918724 4aFutbolistaszPuerto Rico946776 aBNGR 001050718MOaGRbGRcCTd2010-11-17iLF1l0o796.334 A473fp22766-10r2020-06-25w2020-06-25y1ZNo se presta 001050718MOaGRbGRcCTd2010-11-17iLF1l0o796.334 A473fp22766-20r2020-06-25te.2w2020-06-25y1ZNo se presta c22263d22263